La modernización de la estructura socioeconomica y el empleo de la juventud urbana popular en Chile: evolución hasta el presente y panorama para el futuro

Збережено в:
Бібліографічні деталі
Співавтор: CEPAL
Формат: Текст
Опубліковано: Santiago: CEPAL
Теги: Додати тег
Немає тегів, Будьте першим, хто поставить тег для цього запису!

MARC

LEADER 00000 a a2200000 04500
001 25042
003
040
090 |a 178200  
110 |a CEPAL  
245 |a La modernización de la estructura socioeconomica y el empleo de la juventud urbana popular en Chile: evolución hasta el presente y panorama para el futuro  
260 |a Santiago:   |b CEPAL  
300 |a 15 p.   |b **no definido**  
999 |c 16831  |d 16831